| 000 | 00725nam a22002177a 4500 | ||
|---|---|---|---|
| 999 |
_c10242 _d10242 |
||
| 003 | AR-CdUCM | ||
| 008 | 190329b ||||| |||| 00| 0 spa d | ||
| 020 | _a9972-1-0013-8 | ||
| 040 |
_aMUNICIPALIDAD PROVINCIAL DEL CUSCO _cBIBLIOTECA MUNICIPAL DEL CUSCO |
||
| 082 |
_aES / 912 / _bB85 |
||
| 110 |
_aAsociación Editorial Bruño _926974 |
||
| 245 | _aAtlas Universal y del Perú / | ||
| 260 |
_aLima : _bBruño. |
||
| 300 |
_a303 páginas _bTablas, fotografías, mapas, ilustraciones _c27cm |
||
| 505 | _aContenido: El universo y nosotros -- Países del mundo -- Perú, nuestra patria | ||
| 650 |
_aGeografía _9318 |
||
| 650 |
_aPerú _935 |
||
| 650 |
_aEl universo _926975 |
||
| 942 |
_2ddc _cLIBROS |
||
| 945 | _anom | ||